000 00775nam a2200253 i 4500
003 DO-SdBNP
005 20251127082331.0
007 ta
008 240409s2007 xxu 001 0dspa d
040 _aDO-SdBNP
_bspa
_cBNPHU
_erda
082 4 _bR426L
_222
110 _aRepública Dominicana.
_bCongreso Nacional
_916501
245 1 4 _aLey No. 218-07 de amnistía de declaración tardía de nacimiento
264 _aSanto Domingo :
_bCongreso Nacional,,
_c[¨2007]
300 _a8 páginas
_c22 cm.
336 _2rdacontent
_atexto
_btxt
337 _2rdamedia
_asin mediación
_bn
338 _2rdacarrier
_avolumen
_bnc
590 _aInventariado, 2024/ DG
650 4 _aCooperativismo
_98303
650 0 _aParticipación social
_977777
910 _aDG
942 _2ddc
_cLF2
999 _c56300
_d56300